000
00263nam a2200109Ia 4500
008
200302s9999 xx 000 0 und d
100
_a
D. K. Babber
245
_a
The Spirit of Indian Architecture
260
_b
Academy Editions
260
_c
2005
300
_a
376 P.,
999
_c
2445
_d
2445